00535nam a2200193 a 4500001001300000003000900013005001700022008004100039020001200080082001300092100002900105245008000134260003100214300000900245500003500254505001000289650001300299700002900312nice12345678IN_TiNIC20260116012038.0050524s1957 newa grp 000 0 eng  ac65.2500a200bALB aAlbrigh, William Foxwell aFrom the Stoen Age to Christianityb Monotheism and the Historical Process. aNew YorkbDoubleday c1957 a341p aincludes index and biblioraphy2 aIndex aReligion1 aAlbrigh, William Foxwell